| 000 | 01077nam a22002537a 4500 | ||
|---|---|---|---|
| 005 | 20170124102936.0 | ||
| 010 | _aA-983322 | ||
| 020 | _c300.00 | ||
| 035 | _aA-983322 | ||
| 037 | _bCen Lib/Ret | ||
| 040 |
_aDPL _bHN |
||
| 082 |
_a827 _bविराज |
||
| 100 |
_aविराज _96954 |
||
| 245 |
_aश्री श्री अबोधकुमार : _cविराज _bहास्य व्यंग की अनूठी रचना / |
||
| 246 |
_aShri Shri Abodhkumar : hasye vyang ki anuthi rachna / _bby Viraj |
||
| 260 |
_aदिल्ली _bआत्माराम एंड संस _c1999 |
||
| 270 |
_bदिल्ली _aकश्मीरी गेट _e110006 |
||
| 300 |
_a320पृ. _c22सेमी(सजिल्द) |
||
| 650 |
_aहिन्दी साहित्य _946610 |
||
| 650 |
_aहिन्दी साहित्य -- कहानियां _946611 |
||
| 650 |
_aHindi literature _946612 |
||
| 650 |
_aHindi literature -- Stories _946613 |
||
| 942 |
_2ddc _cHN _h827 _mविराज |
||
| 999 |
_c112268 _d112268 |
||